000
00203 a2200097 4500
001
47272
100
_a
Coburn
245
_a
The Art of Survival
260
_a
London
_b
W H Allen
_c
090
_c
30314
_d
30314
942
_a
NUST-CAE
_c
M
_c
22575
999
_c
282345
_d
282345